01326nam a2200349Ia 4500001000700000008004100007035001600048041000800064110011000072245015700182260006900339300002000408650001700428650001700445650006300462650003000525650002200555650002300577650002500600650002700625650002700652650002500679650003100704856007400735901000600809903000700815904000800822910000900830942001900839999001700858952010100875049646221003m2016 xx 000 0 spa d aCENDO_39557 aspa aCCOObConfederación SindicalbSecretaría de Mujer e IgualdadcSecretaría de Mujer e Igualdad941222 0a28 septiembre :bDía Mundial por el Acceso al Aborto Legal y Seguro : por los derechos sexuales y reproductivos /cSecretaría Confederal de la Mujer a[Madrid] :bSecretaría Confederal de la Mujer de CCOO,c[2016] a2 p. ;c 30 cm aMUJERES9199 0aABORTO94300 0aDIA MUNDIAL POR EL ACCESO AL ABORTO LEGAL Y SEGURO 939824 aDERECHOS DE LA MUJER9392 aSEXUALIDAD910298 aREPRODUCCION92949 aAMERICA LATINA91230 aDERECHOS HUMANOS92569 0aASISTENCIA MEDICA9556 0aACTITUD SINDICAL961 0aMOVIMIENTO FEMINISTA94309 zPDFuhttp://docpublicos.ccoo.es/cendoc/049646VeintiochoSeptiembre.pdf a2 aNO a000 a2016 cDOCU_ELEC2ddc c39556d39556 00104070aCENDObCENDOd2017-04-24l0pCENDO_39557r2022-10-05 00:00:00w2022-10-05yDOCU_ELEC